| 000 | 00732cam a2200181 4500 | ||
|---|---|---|---|
| 001 | X107911 | ||
| 008 | 000000n2000 000 0 eng u | ||
| 035 | _a(Sirsi) u107911 | ||
| 245 | _aJarmain v SoS Environment | ||
| 260 | _c2000 | ||
| 490 |
_aNew Property Cases _v[2000] NPC 44(16/04/2000) |
||
| 520 | _aCA 12 April 2000. A 'purposive' construction of s171b of the T&CP Act 1990 adopted to prevent an appellant from claiming that his dwelling was entitled to a certificate of lawful use. HEADNOTE FROM JOURNAL - NOT TO BE PHOTOCOPIED. | ||
| 650 | _aJARMAIN V SOS ENVIRONMENT | ||
| 650 | _aTOWN AND COUNTRY PLANNING ACT 1990 | ||
| 650 | _aCERTIFICATE OF LAWFUL USE | ||
| 690 |
_aPlanning and development _96259 |
||
| 942 | _n0 | ||
| 999 |
_c64458 _d64458 |
||